[Event "BCF-chT2c 0910 (4NCL) Promotion pool"]
[Site "England"]
[Date "2010.05.03"]
[Round "11.3"]
[White "Pitcher, John"]
[Black "Richardson, Keith Bevan"]
[Result "1-0"]
[WhiteElo "2193"]
[BlackElo "2168"]
[PlyCount "75"]
[EventDate "2009.10.24"]
[EventType "team-tourn"]
[EventRounds "4"]
[EventCountry "ENG"]
[SourceTitle "EXT 2010"]
[Source "ChessBase"]
[SourceDate "2010.11.25"]
[SourceVersion "1"]
[SourceVersionDate "2010.11.25"]
[SourceQuality "1"]
[WhiteTeam "Warwicks Select"]
[BlackTeam "AMCA Dragons"]
[WhiteTeamCountry "ENG"]
[BlackTeamCountry "ENG"]

1. e4 g6 2. d4 Bg7 3. Nc3 d6 4. Be3 a6 5. Qd2 b5 6. a4 b4 7. Nce2 a5 8. Ng3 Bb7 9. Bd3 Nd7 10. Nf3 e6 11. 0-0 Ngf6 12. Bh6 0-0 13. Bxg7 Kxg7 14. Rfe1 c5 15. c3 bxc3 16. bxc3 Qc7 17. Bb5 Rfd8 18. Qf4 Ba6 19. Bxd7 Rxd7 20. e5 dxe5 21. dxe5 Ng8 22. Ne4 Bb7 23. Nf6 Rd3 24. Qc4 Rdd8 25. Ng5 h6 26. Nxg8 Kxg8 27. Nh3 Rd5 28. Qf4 Kg7 29. f3 Qe7 30. Rab1 Bc6 31. Rb6 Qc7 32. Rb2 Rad8 33. Nf2 Qe7 34. Rb6 Qc7 35. Ng4 Rh8 36. Qf6+ Kg8 37. Reb1 Rd8 38. Rxc6 1-0

[Event "Benidorm op U2300 08th"]
[Site "Benidorm"]
[Date "2009.11.29"]
[Round "2"]
[White "Sanchez Jerez, Emilio Miguel"]
[Black "Richardson, Keith Bevan"]
[Result "1-0"]
[WhiteElo "2212"]
[BlackElo "2189"]
[PlyCount "82"]
[EventDate "2009.11.28"]
[EventType "swiss"]
[EventRounds "10"]
[EventCountry "ESP"]
[SourceTitle "CBM 133 Extra"]
[Source "ChessBase"]
[SourceDate "2010.01.05"]
[SourceVersion "1"]
[SourceVersionDate "2010.01.05"]
[SourceQuality "1"]

1. e4 g6 2. d4 Bg7 3. Nc3 d6 4. Nf3 Nc6 5. Be3 Nf6 6. d5 Nb8 7. Qd2 0-0 8. Be2 c6 9. 0-0 Nbd7 10. h3 Qc7 11. Nd4 a6 12. a4 cxd5 13. Nxd5 Qd8 14. Nc3 Nc5 15. Bf3 Bd7 16. Rfe1 Rc8 17. a5 Rb8 18. b4 Ne6 19. Nde2 Bc6 20. Rad1 Nd7 21. Ng3 b6 22. axb6 Nxb6 23. Be2 Bb7 24. Nd5 Na4 25. c4 Nc7 26. Rc1 e6 27. Nb6 Nxb6 28. Bxb6 Bc6 29. c5 d5 30. Bxa6 Qd7 31. Bf1 Nb5 32. exd5 exd5 33. Red1 d4 34. Bc4 Nc3 35. Re1 Nd5 36. Ba5 Ra8 37. Ne2 Nf6 38. Qxd4 Nd5 39. Qd2 Rfe8 40. Red1 Ba4 41. Qxd5 Qd8 1-0

[Event "BCF-chT2b 0809 (4NCL)"]
[Site "Hinckley Island"]
[Date "2009.03.21"]
[Round "7.3"]
[White "Van Kemenade, Rudy"]
[Black "Richardson, Keith Bevan"]
[Result "0-1"]
[WhiteElo "2020"]
[BlackElo "2198"]
[PlyCount "158"]
[EventDate "2008.10.04"]
[EventType "team-tourn"]
[EventRounds "7"]
[EventCountry "ENG"]
[SourceTitle "EXT 2010"]
[Source "ChessBase"]
[SourceDate "2010.11.25"]
[SourceVersion "1"]
[SourceVersionDate "2010.11.25"]
[SourceQuality "1"]
[WhiteTeam "South Wales Dragons II"]
[BlackTeam "Guildford III"]
[WhiteTeamCountry "ENG"]
[BlackTeamCountry "ENG"]

1. d4 g6 2. c4 Bg7 3. Nc3 d6 4. e4 Nf6 5. Nf3 0-0 6. h3 e5 7. d5 Na6 8. Bg5 h6 9. Be3 Nc5 10. Nd2 a5 11. g4 c6 12. Rg1 Bd7 13. Qc2 a4 14. Bxc5 dxc5 15. 0-0-0 Ne8 16. dxc6 Bxc6 17. Ndb1 Qg5+ 18. Qd2 Bf6 19. Qxg5 Bxg5+ 20. Kc2 Nc7 21. Nd5 Ne6 22. Nbc3 Nd4+ 23. Kb1 Kg7 24. Bd3 Rh8 25. Be2 Rad8 26. Rdf1 b5 27. cxb5 Nxe2 28. Nxe2 Bxb5 29. Ndc3 Bxe2 30. Nxe2 Rd2 31. Nc3 Rb8 32. Nxa4 Rb4 33. b3 c4 34. Rg3 cxb3 35. axb3 Rxe4 36. Nc3 Rb4 37. Na2 Re4 38. Nc3 Rf4 39. Nd1 Rfd4 40. Nc3 Rb4 41. Na2 Rf4 42. Nc3 e4 43. Nd1 Bf6 44. Re1 Bd4 45. b4 Bxf2 46. Nxf2 Rfxf2 47. Rb3 e3 48. Rbxe3 Rb2+ 49. Kc1 Rxb4 50. R1e2 Rxe2 51. Rxe2 Rb3 52. Rh2 Kf6 53. Rf2+ Kg5 54. Rxf7 Rxh3 55. Rg7 Rg3 56. Kd2 Rxg4 57. Ke3 Rg3+ 58. Kf2 Ra3 59. Kg2 h5 60. Rb7 h4 61. Rb5+ Kg4 62. Rb4+ Kh5 63. Rb5+ g5 64. Rc5 h3+ 65. Kh2 Kh4 66. Rc4+ g4 67. Rb4 Ra2+ 68. Kg1 Rg2+ 69. Kh1 Re2 70. Ra4 Kg5 71. Ra5+ Kf4 72. Ra4+ Re4 73. Ra3 g3 74. Ra1 Kf3 75. Rf1+ Ke2 76. Rg1 Re3 77. Ra1 Rd3 78. Rf1 Rd1 79. Re1+ Rxe1# 0-1

[Event "BCF-chT3 0809 (4NCL)"]
[Site "Hinckley Island"]
[Date "2008.10.18"]
[Round "1.2"]
[White "Richardson, Keith Bevan"]
[Black "Graham, Neil"]
[Result "1-0"]
[WhiteElo "2194"]
[BlackElo "1925"]
[PlyCount "49"]
[EventDate "2008.10.18"]
[EventType "team-swiss"]
[EventRounds "11"]
[EventCountry "ENG"]
[SourceTitle "EXT 2010"]
[Source "ChessBase"]
[SourceDate "2010.11.25"]
[SourceVersion "1"]
[SourceVersionDate "2010.11.25"]
[SourceQuality "1"]
[WhiteTeam "Guildford IV"]
[BlackTeam "Nottinghamshire II"]
[WhiteTeamCountry "ENG"]
[BlackTeamCountry "ENG"]

1. c4 Nf6 2. Nc3 d5 3. cxd5 Nxd5 4. Nf3 g6 5. e4 Nxc3 6. bxc3 Bg7 7. d4 c5 8. Be2 0-0 9. 0-0 Nc6 10. Be3 cxd4 11. cxd4 Bg4 12. d5 Ne5 13. Nxe5 Bxe2 14. Qxe2 Bxe5 15. Rad1 Qa5 16. Rb1 b6 17. Bg5 f6 18. Bh6 Rfc8 19. Rbc1 Qa4 20. h3 Qd7 21. Rcd1 Rc7 22. f4 Bd6 23. e5 Bc5+ 24. Kh1 f5 25. e6 1-0

[Event "Andorra op 26th"]
[Site "La Massana"]
[Date "2008.07.24"]
[Round "6"]
[White "Berkovich, Mark A"]
[Black "Richardson, Keith Bevan"]
[Result "1-0"]
[WhiteElo "2396"]
[BlackElo "2192"]
[PlyCount "47"]
[EventDate "2008.07.19"]
[EventType "swiss"]
[EventRounds "9"]
[EventCountry "AND"]
[SourceTitle "CBM 125 Extra"]
[Source "ChessBase"]
[SourceDate "2008.09.01"]
[SourceVersion "1"]
[SourceVersionDate "2008.09.01"]
[SourceQuality "1"]

1. e4 g6 2. d4 Bg7 3. Nf3 d6 4. c3 Nf6 5. Bd3 0-0 6. 0-0 Nc6 7. Bg5 h6 8. Bh4 e5 9. Nbd2 exd4 10. Nxd4 Nxd4 11. cxd4 c6 12. f4 Qc7 13. Kh1 Bg4 14. Qc2 Be6 15. Rae1 Rac8 16. Bxf6 Bxf6 17. e5 dxe5 18. fxe5 Bg7 19. Ne4 Bf5 20. Nf6+ Bxf6 21. Bxf5 gxf5 22. exf6 Rce8 23. Qxf5 Qc8 24. Qh5 1-0

[Event "Andorra op 26th"]
[Site "La Massana"]
[Date "2008.07.20"]
[Round "2"]
[White "Richardson, Keith Bevan"]
[Black "Narciso Dublan, Marc"]
[Result "0-1"]
[WhiteElo "2192"]
[BlackElo "2525"]
[PlyCount "68"]
[EventDate "2008.07.19"]
[EventType "swiss"]
[EventRounds "9"]
[EventCountry "AND"]
[SourceTitle "CBM 125 Extra"]
[Source "ChessBase"]
[SourceDate "2008.09.01"]
[SourceVersion "1"]
[SourceVersionDate "2008.09.01"]
[SourceQuality "1"]

1. c4 c6 2. Nf3 d5 3. e3 Nf6 4. Be2 e6 5. 0-0 Bd6 6. d4 Nbd7 7. Nc3 0-0 8. Qc2 dxc4 9. Bxc4 b5 10. Bd3 Bb7 11. e4 e5 12. Ne2 c5 13. dxc5 Nxc5 14. Ng3 Rc8 15. Qe2 b4 16. Rd1 Nxd3 17. Qxd3 Bc5 18. Qxd8 Rfxd8 19. Rxd8+ Rxd8 20. Bg5 h6 21. Bxf6 gxf6 22. Re1 Kh7 23. Re2 Rd1+ 24. Re1 Rd3 25. h4 Bb6 26. Re2 Rd1+ 27. Kh2 Bc8 28. Nd2 Bg4 29. Nf3 a5 30. Rc2 a4 31. Rc6 Bxf2 32. Rxf6 Be6 33. Nxe5 Bg1+ 34. Kh1 Bd4+ 0-1